Statistiques concernant Décryptez les pays codés

Cliquez ici pour prendre le quiz!

Statistiques générales

  • Ce quiz a été pris 25 802 fois
  • Le résultat moyen est 9 sur 12

Réponses sur la Carte

Les réponses sont colorées sur une échelle allant du rouge au vert en fonction du pourcentage des utilisateurs qui les ont devinées à leur premier essai. Vous pouvez retrouver ces pourcentages ci-dessous.
 

Statistiques - réponses

Pays% Correct
Inde
95%
Roumanie
78%
Grèce
76%
Maroc
76%
Panama
75%
Gabon
74%
Uruguay
72%
Tonga
70%
Portugal
67%
Viêt Nam
63%
Cap-Vert
62%
Kenya
62%

Distribution des résultats

Percentile par nombre de réponses

% des personnes avec chaque résultat

Votre développement - résultats

Vous n’avez pas pris ce quiz